[Event "EU-ch U14 Girls 17th"]
[Site "Sibenik"]
[Date "2007.09.20"]
[Round "7"]
[White "Bazhenova, Dina"]
[Black "Adamowicz, Katarzyna"]
[Result "0-1"]
[WhiteElo "1910"]
[BlackElo "2007"]
[PlyCount "48"]
[EventDate "2007.09.14"]
[EventType "swiss"]
[EventRounds "9"]
[EventCountry "CRO"]
[SourceTitle "CBM 120 Extra"]
[Source "ChessBase"]
[SourceDate "2007.11.01"]
[SourceVersion "1"]
[SourceVersionDate "2007.11.01"]
[SourceQuality "1"]

1. e4 e5 2. f4 exf4 3. Bc4 Nf6 4. Nc3 Nc6 5. d4 Bb4 6. Qd3 d5 7. exd5 Nxd5 8. Qe4+ Be6 9. Bxd5 Qxd5 10. Qxd5 Bxd5 11. Kf2 Bxc3 12. bxc3 g5 13. h4 f6 14. hxg5 fxg5 15. Rh5 h6 16. Nf3 0-0-0 17. Bb2 Bf7 18. Rh2 g4 19. Rh4 gxf3 20. d5 Rxd5 21. c4 Rd2+ 22. Kxf3 Rg8 23. Rxf4 Rgxg2 24. Rf1 Bh5+ 0-1

[Event "EU-ch U14 Girls 17th"]
[Site "Sibenik"]
[Date "2007.09.15"]
[Round "2"]
[White "Kolaric, Spela"]
[Black "Bazhenova, Dina"]
[Result "1-0"]
[WhiteElo "1827"]
[BlackElo "1910"]
[PlyCount "111"]
[EventDate "2007.09.14"]
[EventType "swiss"]
[EventRounds "9"]
[EventCountry "CRO"]
[SourceTitle "CBM 120 Extra"]
[Source "ChessBase"]
[SourceDate "2007.11.01"]
[SourceVersion "1"]
[SourceVersionDate "2007.11.01"]
[SourceQuality "1"]

1. e4 c5 2. Nf3 Nc6 3. d4 cxd4 4. Nxd4 Nf6 5. Nc3 e5 6. Ndb5 d6 7. Bg5 a6 8. Na3 b5 9. Nd5 Be7 10. Bxf6 Bxf6 11. c4 b4 12. Nc2 a5 13. Be2 0-0 14. 0-0 Be6 15. b3 Bg5 16. Qd3 f5 17. Nde3 f4 18. Nd5 Ne7 19. Nxe7+ Qxe7 20. Rfd1 Rfd8 21. a3 bxa3 22. Rxa3 Qc7 23. Rda1 Rdc8 24. Qd2 h6 25. Bf3 Bd8 26. Ne1 Qc6 27. Nd3 Rab8 28. Nb2 Rb7 29. Na4 Rcb8 30. Qc2 Rb4 31. Nc3 Qc5 32. Bd1 Rc8 33. Qd2 Rb7 34. Nb5 Rd7 35. Bf3 Bb6 36. Nc3 Qc6 37. Nb5 Qc5 38. Nc3 Qb4 39. Nb1 Qc5 40. Nc3 Qb4 41. Nb1 Qc5 42. Nc3 Qc6 43. Nb5 Rf8 44. Rd1 Kh7 45. Ra2 Rg8 46. Qd3 g5 47. g3 Qc5 48. Nc3 Qc6 49. Nd5 Rf8 50. g4 Kg7 51. Nxb6 Qxb6 52. Qc3 Rb8 53. Rd3 Ra7 54. Rad2 Rd7 55. Rxd6 Rxd6 56. Qxe5+ 1-0

[Event "RUS-chT Clubs U18"]
[Site "Rybinsk"]
[Date "2007.08.06"]
[Round "5.8"]
[White "Skrjabina, Margarita"]
[Black "Bazhenova, Dina"]
[Result "1/2-1/2"]
[WhiteElo "1608"]
[BlackElo "1910"]
[PlyCount "105"]
[EventDate "2007.08.02"]
[EventType "team-swiss"]
[EventRounds "9"]
[EventCountry "RUS"]
[SourceTitle "EXT 2022"]
[Source "ChessBase"]
[SourceDate "2021.10.06"]
[SourceVersion "1"]
[SourceVersionDate "2021.10.06"]
[SourceQuality "1"]

1. d4 Nf6 2. c4 e6 3. Nc3 Bb4 4. f3 d5 5. a3 Bxc3+ 6. bxc3 c5 7. Bg5 Qa5 8. Qd2 Nbd7 9. e3 cxd4 10. cxd4 Qxd2+ 11. Kxd2 b6 12. cxd5 exd5 13. Bb5 Bb7 14. Rc1 Rc8 15. Ne2 0-0 16. Ng3 a6 17. Bxd7 Nxd7 18. Nf5 Rxc1 19. Rxc1 Nf6 20. Rc7 Ba8 21. Ne7+ Kh8 22. Bxf6 gxf6 23. Rd7 Kg7 24. Nxd5 Bxd5 25. Rxd5 Rb8 26. a4 Rc8 27. Rd6 Rc4 28. a5 bxa5 29. Rxa6 Ra4 30. d5 Ra2+ 31. Kc3 Rxg2 32. d6 Rg1 33. Kd2 Rg2+ 34. Ke1 Rg1+ 35. Kd2 Rg2+ 36. Kc3 Rg1 37. Rxa5 Rd1 38. Ra6 f5 39. Kc2 Rd5 40. e4 fxe4 41. fxe4 Rd4 42. e5 Rd5 43. Kc3 Rxe5 44. Kd4 Re1 45. Kc5 Rc1+ 46. Kb6 Kf6 47. Kb7 Ke6 48. Rc6 Rd1 49. Kc7 f5 50. d7+ Ke7 51. Rh6 Rxd7+ 52. Kc6 Rd1 53. Rxh7+ 1/2-1/2

[Event "RUS-chT Clubs U18"]
[Site "Rybinsk"]
[Date "2007.08.05"]
[Round "4.8"]
[White "Bazhenova, Dina"]
[Black "Myslevskaya, Izabella"]
[Result "1-0"]
[WhiteElo "1910"]
[BlackElo "2050"]
[PlyCount "71"]
[EventDate "2007.08.02"]
[EventType "team-swiss"]
[EventRounds "9"]
[EventCountry "RUS"]
[SourceTitle "EXT 2022"]
[Source "ChessBase"]
[SourceDate "2021.10.06"]
[SourceVersion "1"]
[SourceVersionDate "2021.10.06"]
[SourceQuality "1"]

1. e4 c5 2. Nf3 Nc6 3. d4 cxd4 4. Nxd4 e6 5. Nc3 Qc7 6. f4 d6 7. Be2 a6 8. Be3 Nf6 9. 0-0 Be7 10. Qe1 0-0 11. Qg3 Re8 12. Rae1 Bf8 13. Bd3 Nb4 14. a3 Nxd3 15. cxd3 b5 16. Rc1 Qd7 17. f5 e5 18. Nf3 Kh8 19. Bg5 Qa7+ 20. Kh1 Ng8 21. Nd5 f6 22. Be3 Qf7 23. Nc7 Bb7 24. Nxa8 Rxa8 25. Nd2 d5 26. Bb6 dxe4 27. Rc7 Qd5 28. Bc5 Rc8 29. Rxc8 Bxc5 30. dxe4 Qxd2 31. Rxc5 Bxe4 32. Rc7 Qh6 33. Qg4 Bd3 34. Re1 Bc4 35. Rd1 a5 36. h3 1-0

[Event "St Petersburg White Nights op"]
[Site "St Petersburg"]
[Date "2007.07.01"]
[Round "7"]
[White "Bazhenova, Dina"]
[Black "Smirnov, Artem"]
[Result "0-1"]
[WhiteElo "1894"]
[BlackElo "2403"]
[PlyCount "138"]
[EventDate "2007.06.25"]
[EventType "swiss"]
[EventRounds "9"]
[EventCountry "RUS"]
[SourceTitle "CBM 119 Extra"]
[Source "ChessBase"]
[SourceDate "2007.09.04"]
[SourceVersion "1"]
[SourceVersionDate "2007.09.04"]
[SourceQuality "1"]

1. e4 c5 2. Qh5 e6 3. d3 Nf6 4. Qg5 d6 5. Be2 Nc6 6. Nh3 Qb6 7. 0-0 Bd7 8. Na3 h6 9. Qg3 0-0-0 10. Nc4 Qc7 11. f4 d5 12. Ne5 Be8 13. Nxc6 Bxc6 14. e5 Nd7 15. c3 d4 16. Bd2 f6 17. cxd4 Nb6 18. Rac1 Rxd4 19. Bc3 Rd7 20. exf6 gxf6 21. Bxf6 Bg7 22. Qh4 Nd5 23. Bxg7 Rxg7 24. g3 Qb6 25. Bg4 c4+ 26. Nf2 Nxf4 27. Rxc4 Nxd3 28. Bxe6+ Kb8 29. Qf6 Nxf2 30. Rxf2 Rd8 31. Qf4+ Ka8 32. Rc1 Re7 33. Bh3 Rde8 34. Bf1 h5 35. Qd2 a6 36. Bg2 Re2 37. Qf4 Rxf2 38. Qxf2 Qxf2+ 39. Kxf2 Bxg2 40. Kxg2 Re2+ 41. Kh3 Rxb2 42. a3 b5 43. Rc3 Kb7 44. Kh4 Rxh2+ 45. Kg5 Rh3 46. Rf3 Kb6 47. Rf6+ Ka5 48. Kf4 h4 49. g4 Rxa3 50. g5 b4 51. g6 Rg3 52. Rf5+ Ka4 53. Rg5 Rxg5 54. Kxg5 h3 55. g7 h2 56. g8Q h1Q 57. Qa2+ Kb5 58. Qe2+ Kb6 59. Qe3+ Ka5 60. Qe5+ Ka4 61. Qe8+ Ka3 62. Qe3+ b3 63. Qe7+ Ka2 64. Qe6 Qc1+ 65. Kh4 Qf4+ 66. Kh5 Qf3+ 67. Kh4 Qd3 68. Kg5 Qd2+ 69. Kg4 a5 0-1

[Event "St Petersburg White Nights op"]
[Site "St Petersburg"]
[Date "2007.06.28"]
[Round "4"]
[White "Bazhenova, Dina"]
[Black "Kopasov, Evgeny Aleksandrovi"]
[Result "1/2-1/2"]
[WhiteElo "1894"]
[BlackElo "2110"]
[PlyCount "105"]
[EventDate "2007.06.25"]
[EventType "swiss"]
[EventRounds "9"]
[EventCountry "RUS"]
[SourceTitle "CBM 119 Extra"]
[Source "ChessBase"]
[SourceDate "2007.09.04"]
[SourceVersion "1"]
[SourceVersionDate "2007.09.04"]
[SourceQuality "1"]

1. e4 c5 2. Nf3 a6 3. d4 cxd4 4. Nxd4 Nf6 5. Bd3 e5 6. Nf3 Nc6 7. 0-0 d6 8. Nc3 Bg4 9. Be3 Rc8 10. Be2 Be7 11. Qd2 0-0 12. Rad1 Qc7 13. h3 Bh5 14. Nh2 Bg6 15. Bf3 Na5 16. Ng4 Nc4 17. Qc1 Nxb2 18. Qxb2 Qxc3 19. Qxb7 Nxg4 20. hxg4 Qc7 21. Qxa6 Ra8 22. Qb6 Qxb6 23. Bxb6 Rxa2 24. Bc7 Ra6 25. Rb1 Rc6 26. Rb7 Rxc2 27. Rd1 Rc6 28. Ba5 Bd8 29. Bb4 Bc7 30. Rxc7 Rxc7 31. Bxd6 Rd7 32. Bxf8 Rxd1+ 33. Bxd1 Kxf8 34. f3 f6 35. Kf2 Ke7 36. Ke3 Kd6 37. Kd3 Kc5 38. Kc3 Be8 39. Be2 Bb5 40. Bd1 Bf1 41. g3 g5 42. Kd2 Kd4 43. Be2 Bg2 44. Bd1 Bf1 45. Bb3 Bc4 46. Ba4 Bf7 47. Bd1 h5 48. gxh5 Bxh5 49. g4 Be8 50. Bc2 Bb5 51. Bb3 Bc4 52. Bxc4 Kxc4 53. Kc2 1/2-1/2

[Event "St Petersburg Zak Memorial"]
[Site "St Petersburg"]
[Date "2007.04.01"]
[Round "9"]
[White "Savinov, Leonid"]
[Black "Bazhenova, Dina"]
[Result "1-0"]
[WhiteElo "2159"]
[BlackElo "1894"]
[PlyCount "91"]
[EventDate "2007.03.24"]
[EventType "swiss"]
[EventRounds "9"]
[EventCountry "RUS"]
[SourceTitle "CBM 117 Extra"]
[Source "ChessBase"]
[SourceDate "2007.05.09"]
[SourceVersion "1"]
[SourceVersionDate "2007.05.09"]
[SourceQuality "1"]

1. d4 Nf6 2. Nf3 e6 3. Bf4 c5 4. e3 Be7 5. c3 d6 6. Be2 0-0 7. Nbd2 Nc6 8. 0-0 a6 9. h3 b5 10. Rc1 Bb7 11. Bh2 Rc8 12. e4 cxd4 13. cxd4 Na5 14. Bd3 Rxc1 15. Qxc1 Qc8 16. Qb1 h6 17. Rc1 Qd7 18. b4 Nc6 19. a3 Rc8 20. e5 dxe5 21. dxe5 Nd5 22. Ne4 Na7 23. Nd6 Bxd6 24. exd6 Nc3 25. Qb2 Na4 26. Qd2 Bxf3 27. gxf3 e5 28. Bxe5 Nc6 29. Bg3 Nb6 30. Qf4 Re8 31. Bf5 Qb7 32. Be4 Rc8 33. Qf5 g6 34. Qxc8+ Qxc8 35. Rxc6 Qd8 36. Rc7 h5 37. h4 g5 38. hxg5 Qxg5 39. Rc5 Qh6 40. Rc8+ Kg7 41. Be5+ f6 42. Rc7+ Kf8 43. Bd4 Qg5+ 44. Kf1 Nd5 45. Rc8+ Kf7 46. d7 1-0

[Event "St Petersburg Zak Memorial"]
[Site "St Petersburg"]
[Date "2007.03.30"]
[Round "7"]
[White "Korchagina, Victoria"]
[Black "Bazhenova, Dina"]
[Result "1-0"]
[WhiteElo "2123"]
[BlackElo "1894"]
[PlyCount "43"]
[EventDate "2007.03.24"]
[EventType "swiss"]
[EventRounds "9"]
[EventCountry "RUS"]
[SourceTitle "CBM 117 Extra"]
[Source "ChessBase"]
[SourceDate "2007.05.09"]
[SourceVersion "1"]
[SourceVersionDate "2007.05.09"]
[SourceQuality "1"]

1. e4 c5 2. Nf3 Nc6 3. d4 cxd4 4. Nxd4 Nf6 5. Nc3 e5 6. Ndb5 d6 7. Bg5 a6 8. Na3 b5 9. Bxf6 gxf6 10. Nd5 f5 11. c3 fxe4 12. Bxb5 axb5 13. Nxb5 Ra7 14. Nxa7 Nxa7 15. Qa4+ Bd7 16. Qxa7 Bh6 17. a4 Rg8 18. g3 Bc6 19. Ne3 d5 20. 0-0 d4 21. Qc5 dxe3 22. Qxc6+ 1-0

[Event "St Petersburg Zak Memorial"]
[Site "St Petersburg"]
[Date "2007.03.29"]
[Round "6"]
[White "Bazhenova, Dina"]
[Black "Bogdanov, Andrei"]
[Result "0-1"]
[WhiteElo "1894"]
[BlackElo "2075"]
[PlyCount "92"]
[EventDate "2007.03.24"]
[EventType "swiss"]
[EventRounds "9"]
[EventCountry "RUS"]
[SourceTitle "CBM 117 Extra"]
[Source "ChessBase"]
[SourceDate "2007.05.09"]
[SourceVersion "1"]
[SourceVersionDate "2007.05.09"]
[SourceQuality "1"]

1. e4 e6 2. d4 d5 3. e5 c5 4. c3 Nc6 5. Nf3 Qb6 6. a3 a5 7. Bd3 Bd7 8. 0-0 cxd4 9. cxd4 Nxd4 10. Nxd4 Qxd4 11. Nc3 Qb6 12. Na4 Qc6 13. Nc3 Qb6 14. Na4 Qd4 15. Nc3 Ne7 16. Nb5 Qxe5 17. Qf3 Bxb5 18. Bxb5+ Nc6 19. Bf4 Qf6 20. Qg3 Be7 21. Be5 Qg6 22. Bxg7 Qxg3 23. hxg3 Rg8 24. Bh6 Bf6 25. Rab1 Ke7 26. Rfc1 Rgc8 27. Bxc6 Rxc6 28. b3 Rac8 29. Rxc6 Rxc6 30. Bd2 Bc3 31. Bxc3 Rxc3 32. a4 b6 33. Kf1 Kd6 34. Ke2 Kc5 35. Rh1 Kb4 36. Rxh7 f5 37. Rh6 Rc6 38. f3 Kxb3 39. g4 fxg4 40. fxg4 Kc2 41. g5 d4 42. Rh3 Rc5 43. Rg3 Re5+ 44. Kf2 d3 45. g6 Rf5+ 46. Ke3 d2 0-1

[Event "St Petersburg Zak Memorial"]
[Site "St Petersburg"]
[Date "2007.03.25"]
[Round "2"]
[White "Sinajskij, Anatolij"]
[Black "Bazhenova, Dina"]
[Result "0-1"]
[WhiteElo "2114"]
[BlackElo "1894"]
[PlyCount "76"]
[EventDate "2007.03.24"]
[EventType "swiss"]
[EventRounds "9"]
[EventCountry "RUS"]
[SourceTitle "CBM 117 Extra"]
[Source "ChessBase"]
[SourceDate "2007.05.09"]
[SourceVersion "1"]
[SourceVersionDate "2007.05.09"]
[SourceQuality "1"]

1. d4 Nf6 2. c4 e6 3. Nf3 c5 4. d5 b5 5. Nc3 b4 6. Nb1 exd5 7. cxd5 Bb7 8. Bg5 h6 9. Bh4 g5 10. Bg3 Bxd5 11. Be5 Bxf3 12. gxf3 Nc6 13. Bg3 d5 14. Qa4 Qd7 15. Bh3 g4 16. fxg4 Nd4 17. Qxd7+ Nxd7 18. Kd1 Bg7 19. Nd2 Ne6 20. Bg2 Nb6 21. Rb1 Rd8 22. e3 Na4 23. Kc2 0-0 24. Nf3 d4 25. Ne5 Bxe5 26. Bxe5 f6 27. Bg3 c4 28. Rbc1 d3+ 29. Kb1 c3 30. b3 c2+ 31. Rxc2 dxc2+ 32. Kxc2 Nc3 33. a3 Ne2 34. Bh4 bxa3 35. Ra1 Rc8+ 36. Kd2 Nc3 37. f4 a2 38. f5 Ng5 0-1

[Event "St Petersburg Zak Memorial"]
[Site "St Petersburg"]
[Date "2007.03.24"]
[Round "1"]
[White "Bazhenova, Dina"]
[Black "Guzenko, Artem"]
[Result "1/2-1/2"]
[WhiteElo "1894"]
[BlackElo "2162"]
[PlyCount "43"]
[EventDate "2007.03.24"]
[EventType "swiss"]
[EventRounds "9"]
[EventCountry "RUS"]
[SourceTitle "CBM 117 Extra"]
[Source "ChessBase"]
[SourceDate "2007.05.09"]
[SourceVersion "1"]
[SourceVersionDate "2007.05.09"]
[SourceQuality "1"]

1. e4 c5 2. Nf3 e6 3. d4 cxd4 4. Nxd4 b6 5. Nb5 d6 6. Bf4 e5 7. Be3 Bb7 8. N1c3 a6 9. Na3 b5 10. Nd5 Nd7 11. c4 Ngf6 12. cxb5 Nxd5 13. exd5 Be7 14. bxa6 Bxa6 15. Bxa6 Qa5+ 16. Qd2 Qxa6 17. Rc1 0-0 18. Rc6 Qa4 19. Rc4 Qa6 20. Rc6 Qa4 21. Rc4 Qa6 22. Rc6 1/2-1/2

[Event "Chigorin Memorial-B 14th"]
[Site "St Petersburg"]
[Date "2006.10.23"]
[Round "1"]
[White "Bazhenova, Dina"]
[Black "Stubberud, Ornulf A"]
[Result "0-1"]
[WhiteElo "1871"]
[BlackElo "2183"]
[PlyCount "110"]
[EventDate "2006.10.23"]
[EventType "swiss"]
[EventRounds "9"]
[EventCountry "RUS"]
[SourceTitle "EXT 2007"]
[Source "ChessBase"]
[SourceDate "2006.11.23"]
[SourceVersion "1"]
[SourceVersionDate "2006.11.23"]
[SourceQuality "1"]

1. e4 c5 2. Nf3 e6 3. d4 cxd4 4. Nxd4 a6 5. Bd3 Nf6 6. 0-0 Qc7 7. Nc3 Nc6 8. Be3 Nxd4 9. Bxd4 Bc5 10. Bxc5 Qxc5 11. Qe2 d6 12. Rfe1 e5 13. Qe3 Qxe3 14. Rxe3 Be6 15. Rd1 Ke7 16. f3 b5 17. a3 Rhc8 18. Bf1 Rc6 19. Kf2 Rb8 20. Re2 b4 21. axb4 Rxb4 22. Nd5+ Bxd5 23. exd5 Rc5 24. c3 Rb3 25. Ra1 a5 26. f4 Rxd5 27. fxe5 Ng4+ 28. Kg3 Nxe5 29. Ra4 Rd1 30. Rf2 Rb1 31. Rxa5 R3xb2 32. Rxb2 Rxb2 33. c4 Rc2 34. Ra4 Ke6 35. Rb4 f5 36. h3 f4+ 37. Kh4 Rf2 38. Rb1 Kf5 39. Rd1 h6 40. Rc1 Ke4 41. Rd1 Ke3 42. Kh5 Rd2 43. Rc1 Kf2 44. Kh4 Rd4 45. Kh5 Re4 46. c5 dxc5 47. Ba6 c4 48. Bb7 Re1 49. Rc2+ Re2 50. Rc3 Re3 51. Rc2+ Kg3 52. Ra2 c3 53. Bd5 Rd3 54. Be4 Rd4 55. Bb7 Rc4 0-1

[Event "St Petersburg White Nights op"]
[Site "St Petersburg"]
[Date "2006.06.23"]
[Round "1"]
[White "Rodkin, Felix"]
[Black "Bazhenova, Dina"]
[Result "1/2-1/2"]
[WhiteElo "2166"]
[BlackElo "1858"]
[PlyCount "103"]
[EventDate "2006.06.23"]
[EventType "swiss"]
[EventRounds "9"]
[EventCountry "RUS"]
[SourceTitle "CBM 112 Extra"]
[Source "ChessBase"]
[SourceDate "2006.07.14"]
[SourceVersion "1"]
[SourceVersionDate "2006.07.14"]
[SourceQuality "1"]

1. d4 Nf6 2. Nc3 d5 3. Bg5 Bf5 4. Bxf6 exf6 5. e3 Bb4 6. Bd3 Qd7 7. Nge2 0-0 8. 0-0 Bxc3 9. Nxc3 Nc6 10. Ne2 Ne7 11. c4 Bxd3 12. Qxd3 c6 13. e4 dxe4 14. Qxe4 Rfe8 15. Rfe1 b5 16. b3 Nf5 17. Qd3 Rad8 18. Rad1 g6 19. Kf1 Re6 20. g4 Nd6 21. h3 Ree8 22. Ng3 Rxe1+ 23. Rxe1 Nb7 24. Re4 Nc5 25. Qf3 Nxe4 26. Qxe4 bxc4 27. bxc4 Qe6 28. Qd3 Qd6 29. Ne2 Qd7 30. Qf3 Kg7 31. Kg2 Qe6 32. Qd3 f5 33. g5 Qe4+ 34. Qxe4 fxe4 35. Kg3 f5 36. gxf6+ Kxf6 37. Kf4 Re8 38. Ng3 g5+ 39. Ke3 h6 40. Nxe4+ Kf5 41. f3 h5 42. d5 cxd5 43. cxd5 Ke5 44. d6 Kd5 45. Kd3 Rc8 46. Ke3 Ke6 47. Kd4 Rc2 48. a4 a5 49. Kd3 Rc6 50. Kd4 Rc1 51. Kd3 Rc6 52. Kd4 1/2-1/2

[Event "St Petersburg White Nights op"]
[Site "St Petersburg"]
[Date "2005.06.26"]
[Round "9"]
[White "Kudriavtsev, Yury"]
[Black "Bazhenova, Dina"]
[Result "1/2-1/2"]
[WhiteElo "1988"]
[BlackElo "1890"]
[PlyCount "130"]
[EventDate "2005.06.18"]
[EventType "swiss"]
[EventRounds "9"]
[EventCountry "RUS"]
[SourceTitle "CBM 106 Extra"]
[Source "ChessBase"]
[SourceDate "2005.07.01"]
[SourceVersion "1"]
[SourceVersionDate "2005.07.01"]
[SourceQuality "1"]

1. e4 c5 2. Nf3 Nc6 3. Nc3 Nf6 4. d3 d6 5. Be2 e5 6. Nd5 Nxd5 7. exd5 Nd4 8. Nxd4 cxd4 9. c4 Be7 10. 0-0 0-0 11. f4 f5 12. Bf3 Bf6 13. Rb1 Re8 14. Re1 Qa5 15. a3 Bd7 16. b4 Qc7 17. Qc2 Rac8 18. Qb3 Kh8 19. Bd2 b5 20. Rbc1 bxc4 21. Rxc4 Qb8 22. Rxc8 Rxc8 23. a4 a6 24. g3 Re8 25. Kg2 Re7 26. a5 Bb5 27. Qb1 Qe8 28. Qc2 g6 29. Qb1 Kg7 30. h3 Rc7 31. Bd1 Re7 32. Bf3 Rc7 33. Bd1 Ba4 34. Bxa4 Qxa4 35. Rc1 Qd7 36. Kf3 Qc8 37. Rxc7+ Qxc7 38. Qc1 Qxc1 39. Bxc1 Bd8 40. Bd2 Kf6 41. Be1 Bc7 42. g4 h5 43. Bh4+ Kf7 44. gxh5 gxh5 45. Bg5 Ke8 46. Bf6 Kf7 47. Bh4 Ke8 48. Be1 Ke7 49. Bg3 Kf6 50. Be1 Ke7 51. Bf2 Kf6 52. Kg3 Bd8 53. Kf3 Kf7 54. Bg3 Bc7 55. Bf2 Bd8 56. Be1 Bc7 57. Bh4 Ke8 58. Bg5 Kf7 59. Kg3 Kf8 60. Kf3 Ke8 61. Bf6 Kf7 62. Bh4 Ke8 63. Bg5 Kf7 64. Kg3 Kf8 65. Kf3 Ke8 1/2-1/2

[Event "St Petersburg White Nights op"]
[Site "St Petersburg"]
[Date "2005.06.19"]
[Round "2"]
[White "Bazhenova, Dina"]
[Black "Kopasov, Evgeny Aleksandrovi"]
[Result "1-0"]
[WhiteElo "1890"]
[BlackElo "2120"]
[PlyCount "119"]
[EventDate "2005.06.18"]
[EventType "swiss"]
[EventRounds "9"]
[EventCountry "RUS"]
[SourceTitle "CBM 106 Extra"]
[Source "ChessBase"]
[SourceDate "2005.07.01"]
[SourceVersion "1"]
[SourceVersionDate "2005.07.01"]
[SourceQuality "1"]

1. e4 c5 2. Nf3 d6 3. d4 cxd4 4. Nxd4 Nf6 5. Nc3 a6 6. Be2 e5 7. Nf3 h6 8. Bc4 Be7 9. 0-0 0-0 10. h3 Nc6 11. Be3 Na5 12. Bd5 Nxd5 13. Nxd5 Nc4 14. b3 Nxe3 15. Nxe3 b5 16. c4 Bb7 17. Qd3 f5 18. Nxf5 Rxf5 19. exf5 e4 20. Qe3 exf3 21. Rfe1 Bf6 22. Qe6+ Kh8 23. Rad1 fxg2 24. Rxd6 Qc8 25. Qf7 Bh4 26. Rg6 Qf8 27. Qxb7 Rb8 28. Qxg2 bxc4 29. bxc4 Rb2 30. Rf1 Rxa2 31. Qe4 Bf6 32. Re1 Qc5 33. Rg2 Kh7 34. Qg4 Ra1 35. Qg6+ Kh8 36. Qe8+ Kh7 37. Rxa1 Bxa1 38. Qa4 Qe5 39. Qd1 Bd4 40. Rg4 Bc5 41. Qf3 a5 42. Re4 Qf6 43. Qg4 a4 44. Re6 Qa1+ 45. Kg2 Bf8 46. Qg6+ Kg8 47. Re8 Qf6 48. Qxf6 gxf6 49. Ra8 a3 50. c5 Kf7 51. Rxa3 Bxc5 52. Rc3 Bd6 53. Rd3 Be5 54. Rd7+ Kg8 55. Kf3 h5 56. Ke4 Bc3 57. Kd5 Be5 58. Ke6 Bc3 59. Rf7 Bd4 60. Rxf6 1-0